000 00305nam a22001097a 4500
008 230621b xxu||||| |||| 00| 0 eng d
082 _a328.54
_bPAN
245 _aRules of Procedure and Conduct of Business of the GOA, DAMAN and DIU Legislative Assembly
260 _c1981
300 _a96p
942 _2ddc
_cBK
999 _c2210
_d2210